210 more choice sermons for children; (Record no. 3086)

MARC details
000 -LEADER
fixed length control field 00768cam a22002651 4500
001 - CONTROL NUMBER
control field 7420800
003 - CONTROL NUMBER IDENTIFIER
control field GBCCL
005 - DATE AND TIME OF LATEST TRANSACTION
control field 20241126110446.0
008 - FIXED-LENGTH DATA ELEMENTS--GENERAL INFORMATION
fixed length control field 720831s1949 xx 000 0 eng
010 ## -
-- 49011229
035 ## - SYSTEM CONTROL NUMBER
System control number (OCoLC)396849
040 ## - CATALOGING SOURCE
Original cataloging agency DLC
Transcribing agency OKentU
Modifying agency DLC
042 ## -
-- premarc
050 00 -
-- BV4315
-- .H276
082 ## - DEWEY DECIMAL CLASSIFICATION NUMBER
Classification number 252.53
Item number HAL
100 1# - MAIN ENTRY--PERSONAL NAME
Personal name Hallock, G. B. F.
Fuller form of name (Gerard Benjamin Fleet),
Dates associated with a name 1856-
9 (RLIN) 6397
245 10 - TITLE STATEMENT
Title 210 more choice sermons for children;
Remainder of title a source book of suggestion.
250 ## - EDITION STATEMENT
Edition statement [1st ed.
260 ## - PUBLICATION, DISTRIBUTION, ETC.
Place of publication, distribution, etc. New York]
Name of publisher, distributor, etc. Harper
Date of publication, distribution, etc. [1949]
300 ## - PHYSICAL DESCRIPTION
Extent 305 p.
Dimensions 21 cm.
650 #0 - SUBJECT ADDED ENTRY--TOPICAL TERM
Topical term or geographic name entry element Children's sermons.
9 (RLIN) 6398
650 #0 - SUBJECT ADDED ENTRY--TOPICAL TERM
Topical term or geographic name entry element Sermons, American.
9 (RLIN) 270
906 ## - LOCAL DATA ELEMENT F, LDF (RLIN)
a 7
b cbc
c oclcrpl
d u
e ncip
f 19
g y-gencatlg
942 ## - ADDED ENTRY ELEMENTS (KOHA)
Source of classification or shelving scheme Dewey Decimal Classification
Koha item type Books
Koha issues (borrowed), all copies 2
Holdings
Withdrawn status Lost status Source of classification or shelving scheme Damaged status Not for loan Home library Current Library Shelving location Date acquired Total checkouts Full call number Barcode Date last seen Date last checked out Copy number Price effective from Koha item type
    Dewey Decimal Classification     GRACE BIBLE COLLEGE GRACE BIBLE COLLEGE Ministry & Mission 2017-10-19 3 252.53 HAL 007384 2025-05-01 2025-02-05 c.1 2017-10-19 Books
© Grace Bible College Library 2025